Principles of materials science and engineering / (Record no. 11503)

000 -LEADER
fixed length control field 00420pam a2200157 a 4500
020 ## - INTERNATIONAL STANDARD BOOK NUMBER
ISBN 0070591695 :
040 ## - CATALOGING SOURCE
Transcribing agency DLC
082 00 - DEWEY DECIMAL CLASSIFICATION NUMBER
Classification number 620 MCG 1990 A037 Or.
100 1# - MAIN ENTRY--AUTHOR NAME
Personal name Smith, William F.
245 10 - TITLE STATEMENT
Title Principles of materials science and engineering /
250 ## - EDITION STATEMENT
Edition statement 2nd ed.
260 ## - PUBLICATION, DISTRIBUTION, ETC. (IMPRINT)
Place of publication New York :
Name of publisher McGraw-Hill,
Year of publication c1990.
300 ## - PHYSICAL DESCRIPTION
Number of Pages xiii, 864 p. :
Other physical details ill. (some col.) ;
Dimensions 25 cm.
650 #0 - SUBJECT ADDED ENTRY--TOPICAL TERM
Topical Term Materials.
942 ## - ADDED ENTRY ELEMENTS (KOHA)
Koha item type សៀវភៅភាសាអង់គ្លេស
952 ## - LOCATION AND ITEM INFORMATION (KOHA)
Withdrawn status [LOCAL, KOHA] 0
Holdings
Permanent Location Date acquired Koha item type Lost status Shelving location Barcode Current Location Full call number
Library Block A2017-08-03សៀវភៅភាសាអង់គ្លេស A037A13365Library Block A620 MCG 1990 A037 Or.
មជ្ឈមណ្ឌលឯការនៃសាកលវិទ្យាល័យភូមិន្ទកសិកម្មចំការដូង

Powered by Koha